000 00704cam a2200241 a 4500
008
020 _a9780761925392 (pbk.)
049 _aMAIN
090 _aBF637.P4
_bOKE
100 1 _aO'Keefe, Daniel J.
245 1 0 _aPersuasion :
_btheory & research /
_cDaniel J. O'Keefe.
250 _a2nd ed.
260 _aThousand Oaks, CA :
_bSage Publications,
_cc2002.
300 _axvi, 365 p. ;
_c23 cm.
500 _aIncludes index.
504 _aIncludes bibliographical references.
650 0 _aPersuasion (Psychology)
907 _a.b10375168
_b16-09-16
_c14-09-16
003
005 20230123122230.0
040 _cNUST
942 _cBOOKS
_kBF637.P4
_mOKE
999 _c130076
_d130076